Iron Maiden : Illustration #2 - Statistics

General Stats
  • This quiz has been taken 22 times
  • The average score is 8 of 16
Answer Stats
Picture Answer % Correct
Powerslave
94%
Aces high
88%
2 minutes to midnight
76%
Purgatory
71%
Maiden Japan
53%
Man on the edge
53%
The evil that men do
53%
Maiden England '88
47%
Women in uniform
47%
Best of the 'B' Sides
41%
Holy smoke
35%
Wildest dreams
35%
Out of the silent planet
29%
Virus
29%
Bring your daughter... to the slaughter
18%
World piece tour '83
18%
No matching quizzes found
Score Distribution
Percent of People with Each Score
Percentile by Number Answered
Your Score History
You have not taken this quiz